000 00425nam a2200181Ia 4500
999 _c92754
_d92754
003 0100
005 20181030092638.0
008 130307s9999 xx 000 0 und d
040 _cARRUPELIB
050 _aDT962.42
_b.D38
100 _aDavies, Dorothy Keyworth
_930001
245 _aRace relations in Rhodesia
245 _ba survey for 1972-73
260 _bCollins Press
_aLondon
_c1975
300 _axxiv
300 _b458p. 24cm.
650 _aRhodesia , Southern
_xRace question
_929943
650 _aRhodesia , Southern
_xPolitics
_y1966
_930002
942 _2lcc
_cMONOGRAPH